Представление документа в формате MARC21

Поле Инд. ПП Название Значение
Тип записи a
Библиографический уровень m
001 Контрольный номер RU/IS/BASE/115307060
005 Дата корректировки 20250630110007.9
008 Кодируемые данные 20030827
022 a ISSN 0130-7673
041 a Код языка текста rus
084 a Индекс другой классификации/Индекс ББК 84(2=411.2)6; 84(7США)6; 83.3(2=411.2)6; 63.3(2)6
090 a Полочн. индекс 95.2
097 00 a 110
245 00 a Заглавие Новый мир
b Продолж. заглавия ежемесячный журнал художественной литературы и общественной мысли
c Ответственность учредители: редакция журнала "Новый мир", АО "Банк "Санкт-Петербург"; главный редактор С. П. Залыгин
n Номер части/ раздела №2/1996
260 00 a Место издания Москва
b Издательство Новый мир
c Дата издания 1996
300 a Объем 256 с.
500 a Примечание Журнал
505 a Форматированное содержание В соблазнах кровавой эпохи
b Автор Коржавин Н. М.
505 a Форматированное содержание Гари-Анжар, единый в двух лицах
b Автор Злобина А.
505 a Форматированное содержание Гибель в пути, или Неизвестный Камю
b Автор Злобина М.
505 a Форматированное содержание Два рассказа
b Автор Екимов Б. П.
505 a Форматированное содержание Достойный себя документ
b Автор Лебедев Е. Н.
505 a Форматированное содержание Дракон, гидра и рыцарь
b Автор Савелли Д.
505 a Форматированное содержание Евразийская мистерия
b Автор Кузнецов П. В.
505 a Форматированное содержание К небу мой путь
b Автор Уайлдер Т.
505 a Форматированное содержание Книга для чтения
b Автор Гаспаров М. Л.
505 a Форматированное содержание Неистовый Фиглярин
b Автор Золотусский И. П.
505 a Форматированное содержание Ольга
b Автор Волков Ю. В.
505 a Форматированное содержание Отчего дрожит рука?
b Автор Елисеев Н. Л.
505 a Форматированное содержание Преждевременные итоги
b Автор Кулаков В.
505 a Форматированное содержание Семь лет рядом со Львом Гумилевым
b Автор Савченко А.
505 a Форматированное содержание Сесть на рельсу!
b Автор Кораллов М.
505 a Форматированное содержание Стихи
b Автор Григорьян Л.
505 a Форматированное содержание Стихи
b Автор Николаева О. Н.
505 a Форматированное содержание Стихи
b Автор Рейн Е. Б.
505 a Форматированное содержание Стихи
b Автор Шаталов А. Н.
505 a Форматированное содержание Царство земное и небесное
b Автор Петров Г. А.
505 a Форматированное содержание Царь-книжка
b Автор Пурин А. А.
505 a Форматированное содержание Цыпленок летящий
b Автор Фролова В.
505 a Форматированное содержание Человек неправдоподобной доброты
b Автор Мочалов И. И.
600 a Персоналии Ажар Эмиль
a Персоналии Амирэджиби Чабуа
a Персоналии Гари Ромен
a Персоналии Гумилев Лев Николаевич
a Персоналии Евтушенко Евгений Александрович
a Персоналии Камю Альбер
650 a Основная рубрика художественная литература; литературоведение;
653 a Ключевые слова "Вопросы теоретической физики"
a Ключевые слова "Голубчик"
a Ключевые слова "Гора Мборгали"
a Ключевые слова "Первый человек"
a Ключевые слова "Строфы века"
a Ключевые слова XX век
a Ключевые слова американская литература
a Ключевые слова история
a Ключевые слова культура
a Ключевые слова новейшее время
a Ключевые слова Россия
a Ключевые слова русская литература
a Ключевые слова философские проблемы
700 a Автор Залыгин С. П.
e Роль лиц редактор
q Полное имя Залыгин Сергей Павлович
700 a Автор Екимов Б. П.
q Полное имя Екимов Борис Петрович
700 a Автор Рейн Е. Б.
q Полное имя Рейн Евгений Борисович
700 a Автор Волков Ю. В.
q Полное имя Волков Юрий Владимирович
700 a Автор Петров Г. А.
q Полное имя Петров Григорий Александрович
700 a Автор Николаева О. Н.
q Полное имя Николаева Олеся Николаевна
700 a Автор Шаталов А. Н.
q Полное имя Шаталов Александр Николаевич
700 a Автор Фролова В.
q Полное имя Фролова Виктория
700 a Автор Григорьян Л.
q Полное имя Григорьян Леонид
700 a Автор Уайлдер Т.
q Полное имя Уайлдер Торнтон
700 a Автор Коржавин Н. М.
q Полное имя Коржавин Наум Моисеевич
700 a Автор Кузнецов П. В.
q Полное имя Кузнецов Павел Вениаминович
700 a Автор Савелли Д.
q Полное имя Савелли Дани
700 a Автор Золотусский И. П.
q Полное имя Золотусский Игорь Петрович
700 a Автор Лебедев Е. Н.
q Полное имя Лебедев Евгений Николаевич
700 a Автор Пурин А. А.
q Полное имя Пурин Алексей Арнольдович
700 a Автор Кулаков В.
q Полное имя Кулаков Владислав
700 a Автор Елисеев Н. Л.
q Полное имя Елисеев Никита Львович
700 a Автор Кораллов М.
q Полное имя Кораллов Марлен
700 a Автор Гаспаров М. Л.
q Полное имя Гаспаров Михаил Леонович
700 a Автор Злобина М.
q Полное имя Злобина Майя
700 a Автор Злобина А.
q Полное имя Злобина Алена; Злобина Елена Анатольевна
u Дополнение к имени Злобина Е. А.
700 a Автор Мочалов И. И.
q Полное имя Мочалов Инар Иванович
700 a Автор Савченко А.
700 a Автор Гобузов А.
e Роль лиц переводчик
773 w Контрольный № источника RU/IS/BASE/410012541
901 t Тип документа s
952 a Тип литературы для КСУ ВШ ЛХЖ